Click the Country: 'V' Cities Quiz Stats

 Plays Quiz not verified by Sporcle

Score 0/25 Timer 04:00
2 Plays Today
% Correct
Canada
93.8%
Italy
93.4%
Austria
93.3%
Russia
91.4%
Spain
89.3%
Vietnam
88.5%
Lithuania
88.3%
Malta
84.8%
Laos
80.8%
South Africa
72.5%
Mexico
65.6%
India
65%
Finland
61.6%
% Correct
Sweden
59.2%
Chile
56%
Sri Lanka
54.3%
Turkey
52.5%
Bulgaria
49.3%
Brazil
46.3%
Romania
42.9%
Portugal
42.3%
Greece
41.2%
Colombia
33.3%
Paraguay
26.9%
Guatemala
26.6%

You're not logged in!

Compare scores with friends on all Sporcle quizzes.
OR
Log In

You Might Also Like...

Show Comments

Extras

Top Quizzes Today


Score Distribution

Your Account Isn't Verified!

In order to create a playlist on Sporcle, you need to verify the email address you used during registration. Go to your Sporcle Settings to finish the process.

Report this User

Report this user for behavior that violates our Community Guidelines.

Details: